000 00447nam a2200157 4500
001 124088
003 ES-MaACL
005 20230906192322.0
007 t|
008 070214s1973 sp r ||||1| spa d
100 1 _aRamón Carrizo, Guillermo Ariel.
_995208
245 1 0 _aVolver la espalda /
_cGuillermo Ariel Ramón Carrizo.
260 _aMadrid :
_bEd. Nacional,
_c1973.
300 _a140 p. ;
_c21 cm.
852 _aES-MaACL
_jC-54031
_bR.86674
999 _c124088
_d124088